Normal view
MARC view
- جرائم الأموال -- قوانين وتشريعات -- الأردن -- قانون العقوبات -- الأردن
Entry Topical Term
001 - CONTROL NUMBER
- control field: 7164
003 - CONTROL NUMBER IDENTIFIER
- control field: JO-AjAnu
005 - DATE AND TIME OF LATEST TRANSACTION
- control field: 20230606071447.0
008 - FIXED-LENGTH DATA ELEMENTS
- fixed length control field: 230606|| aca||aabn | a|a d
040 ## - CATALOGING SOURCE
- Original cataloging agency: JO-AjAnu
- Transcribing agency: JO-AjAnu
150 ## - HEADING--TOPICAL TERM
- Topical term or geographic name entry element: جرائم الأموال -- قوانين وتشريعات -- الأردن -- قانون العقوبات -- الأردن
670 ## - SOURCE DATA FOUND
- Source citation: Work cat.: (JO-AjAnu)3707: صالح، نائل عبدالرحمن , author 7163, شرح قانون العقوبات " القسم الخاص ": الجرائم الواقعة على الاموال ،جرائم السرقة والاحتيال واساءة الأئتمان والملحقة بها